| 000 | 00571nam a2200145 4500 | ||
|---|---|---|---|
| 008 | 030305s us eng | ||
| 090 |
_aBS600.2 _bD74s |
||
| 100 | 1 | _aAlban, Doulas | |
| 245 | 1 | 0 |
_aSeventy Bible lessons / _cDoulas Alban. |
| 260 |
_aCanada : _bEvangelical Missionary Fellowship, _c. |
||
| 300 | _a144 p. | ||
| 500 | _aThese lessons were given at the Thursday Night Bible Class at the Youth Gospel Center, Philippines betwen April 2, 1958 & May 31, 1959 | ||
| 650 | 4 |
_aBible _xStudy. |
|
| 951 |
_p886 _x00003357 _oBS600.2/D74s-2 _j070613111219031 _d2000-12-21 _cFIL |
||
| 999 |
_c14713 _d14713 |
||